00707nam a2200217Ia 4500008004100000020001800041022001300059040001300072082001600085245013400101260003900235300003800274650001900312650002300331650002800354700002100382700002000403990003700423991001000460999001900470191130s1992##################000#0#eng## a9780415054997 a91012898 aACLcACL a910.014 BAR aWriting worlds : discourse, text, and metaphor in the representation of landscapecedited by Trevor J. Barnes and James S. Duncan aLondon ; New YorkbRoutledgec1992 axiii, 282 p. : ill., maps ; 24 cm aDeconstruction aDiscourse analysis aGeography - Methodology aBarnes, Trevor J aDuncan, James S a7e633a9bac10000c23497283b3462a3e a98963 c313293d313293